Atlas de neurología clínica / (Record no. 147940)

MARC details
000 -LEADER
campo de control de longitud fija 00714nam a2200193 i 4500
001 - NÚMERO DE CONTROL
campo de control 147940
003 - IDENTIFICADOR DE NÚMERO DE CONTROL
campo de control ES-MaACL
005 - FECHA Y HORA DE LA ÚLTIMA TRANSACCIÓN
campo de control 20230906202339.0
007 - CAMPO FIJO DE DESCRIPCIÓN FÍSICA--INFORMACIÓN GENERAL
campo de control de longitud fija t|
008 - DATOS DE LONGITUD FIJA--INFORMACIÓN GENERAL
campo de control de longitud fija 070214s1974 sp r ||||1| spa d
100 1# - ENTRADA PRINCIPAL--NOMBRE DE PERSONA
Nombre de persona Spillane, John D.
9 (RLIN) 107728
245 10 - MENCIÓN DEL TÍTULO
Título Atlas de neurología clínica /
Mención de responsabilidad, etc. John D. Spillane ; traducción de Francisco Martínez-Orozco Llorente ; prólogo a la edición española de Luis Barraquer Bordás.
260 ## - PUBLICACIÓN, DISTRIBUCIÓN, ETC.
Lugar de publicación, distribución, etc. Barcelona :
Nombre del editor, distribuidor, etc. Labor,
Fecha de publicación, distribución, etc. 1974.
300 ## - DESCRIPCIÓN FÍSICA
Extensión XII, 378 p. :
Otras características físicas il. ;
Dimensiones 29 cm.
650 04 - PUNTO DE ACCESO ADICIONAL DE MATERIA--TÉRMINO DE MATERIA
Término de materia o nombre geográfico como elemento de entrada Sistema nervioso-
Subdivisión general Enfermedades.
9 (RLIN) 17135
700 1# - ENTRADA AGREGADA--NOMBRE PERSONAL
Nombre de persona Martínez-Orozco Llorente, Francisco.
9 (RLIN) 78289
700 0# - ENTRADA AGREGADA--NOMBRE PERSONAL
Nombre de persona Barraquer Bordas, L.
9 (RLIN) 25855
852 ## - LOCALIZACIÓN
Ubicación ES-MaACL
Número de control de estantería E-8791
Sublocalización o colección R.93209
Holdings
Estatus retirado Estado de pérdida Estado de daño No para préstamo Biblioteca de origen Biblioteca actual Ubicación en estantería Fecha de adquisición Fuente de adquisición Total de préstamos Signatura topográfica completa Código de barras Visto por última vez Precio de reemplazo Tipo de ítem Koha
        Biblioteca del Ateneo de Madrid Biblioteca del Ateneo de Madrid Depósito 2 17/01/2008     E-8791 1154393 23/02/2023 23/02/2023 Libro impreso